Greek Lyric Poetry and Its Influence : (Record no. 29302)
[ view plain ]
| 000 -LEADER | |
|---|---|
| fixed length control field | 02187nam a22003257a 4500 |
| 003 - CONTROL NUMBER IDENTIFIER | |
| control field | EG-ScBUE |
| 005 - DATE AND TIME OF LATEST TRANSACTION | |
| control field | 20211221132200.0 |
| 006 - FIXED-LENGTH DATA ELEMENTS--ADDITIONAL MATERIAL CHARACTERISTICS--GENERAL INFORMATION | |
| fixed length control field | m|||| o||d 00| 0 |
| 007 - PHYSICAL DESCRIPTION FIXED FIELD--GENERAL INFORMATION | |
| fixed length control field | cr cn ---auuuu |
| 008 - FIXED-LENGTH DATA ELEMENTS--GENERAL INFORMATION | |
| fixed length control field | 200219s2020 enk fo 000 0 eng d |
| 020 ## - INTERNATIONAL STANDARD BOOK NUMBER | |
| International Standard Book Number | 9781527559868 |
| 020 ## - INTERNATIONAL STANDARD BOOK NUMBER | |
| International Standard Book Number | 9781527560468 |
| 040 ## - CATALOGING SOURCE | |
| Original cataloging agency | EG-ScBUE |
| Language of cataloging | eng |
| Description conventions | rda |
| Transcribing agency | EG-ScBUE |
| Modifying agency | EG-ScBUE |
| 082 04 - DEWEY DECIMAL CLASSIFICATION NUMBER | |
| Classification number | 884.0109 |
| Item number | GRE |
| Edition number | 22 |
| 245 10 - TITLE STATEMENT | |
| Title | Greek Lyric Poetry and Its Influence : |
| Remainder of title | texts, iconography, music and cinema |
| Medium | [electronic resourse] / |
| Statement of responsibility, etc | edited by Alejandro Cantarero de Salazar, Alicia Esteban Santos, and Leonardo de Arrizabalaga y Prado. |
| 264 #1 - PUBLICATION, DISTRIBUTION, ETC. (IMPRINT) | |
| Place of publication, distribution, etc | Newcastle-upon-Tyne, UK : |
| Name of publisher, distributor, etc | Cambridge Scholars Publishing, |
| Date of publication, distribution, etc | 2020. |
| 300 ## - PHYSICAL DESCRIPTION | |
| Extent | 1 online resource. |
| 336 ## - CONTENT TYPE | |
| Source | rdacontent |
| Content type term | text |
| Content type code | txt |
| 337 ## - MEDIA TYPE | |
| Source | rdamedia |
| Media type term | computer |
| Media type code | c |
| 338 ## - CARRIER TYPE | |
| Source | rdacarrier |
| Carrier type term | online resource |
| Carrier type code | cr |
| 520 0# - SUMMARY, ETC. | |
| Summary, etc | This book deals with Greek lyric composed more than twenty-five centuries ago. These poems sing of everyday events and emotions in human life, from the most festive to the most serious, presenting a living portrait of the ancient Greeks. This multidisciplinary volume begins with a panorama of Greek lyric poetic genres, their main authors and their representative topics. The first part contains philological studies and literary analyses, first of some Greek poets--Anacreon, Sappho and Lycophron, among others--then of their influence on Horace's Latin poetry, and on contemporary poetry. |
| 650 #7 - SUBJECT ADDED ENTRY--TOPICAL TERM | |
| Topical term or geographic name as entry element | Greek poetry |
| General subdivision | History and criticism. |
| Source of heading or term | BUEsh |
| 653 ## - INDEX TERM--UNCONTROLLED | |
| Resource For college | Generalities |
| Arrived date list | August2021 |
| 700 1# - ADDED ENTRY--PERSONAL NAME | |
| Personal name | Salazar, Alejandro Cantarero de, |
| Relator term | editor. |
| 700 1# - ADDED ENTRY--PERSONAL NAME | |
| Personal name | Santos, Alicia Esteban, |
| Relator term | editor. |
| 9 (RLIN) | 38005 |
| 700 1# - ADDED ENTRY--PERSONAL NAME | |
| Personal name | Prado, Leonardo de Arrizabalaga y, |
| Relator term | editor. |
| 776 08 - ADDITIONAL PHYSICAL FORM ENTRY | |
| Display text | print version: |
| Title | Greek Lyric Poetry and Its Influence : texts, iconography, music and cinema. |
| Place, publisher, and date of publication | 2020 |
| International Standard Book Number | 9781527559868 |
| Record control number | (OCoLC)1202465392 |
| Main entry heading | author. |
| 856 40 - ELECTRONIC LOCATION AND ACCESS | |
| Uniform Resource Identifier | <a href="https://ezproxy.bue.edu.eg/login?url=https://ezproxy.bue.edu.eg:2222/login.aspx?direct=true&db=nlebk&AN=2648161&site=eds-live&ebv=EB&ppid=pp_C">https://ezproxy.bue.edu.eg/login?url=https://ezproxy.bue.edu.eg:2222/login.aspx?direct=true&db=nlebk&AN=2648161&site=eds-live&ebv=EB&ppid=pp_C</a> |
| Link text | https://ezproxy.bue.edu.eg/login?url=http://search.ebscohost.com/login.aspx?direct=true&db=nlebk&AN=2648161&site=eds-live&ebv=EB&ppid=pp_C |
| 942 ## - ADDED ENTRY ELEMENTS (KOHA) | |
| Source of classification or shelving scheme | Dewey Decimal Classification |
| Koha item type | E-Book |
| Withdrawn status | Lost status | Source of classification or shelving scheme | Damaged status | Not for loan | Home library | Current library | Date acquired | Total Checkouts | Full call number | Date last seen | Uniform Resource Identifier | Price effective from | Koha item type |
|---|---|---|---|---|---|---|---|---|---|---|---|---|---|
| Dewey Decimal Classification | Central Library | Central Library | 02/08/2021 | 884.0109 GRE | 02/08/2021 | https://ezproxy.bue.edu.eg/login?url=http://search.ebscohost.com/login.aspx?direct=true&db=nlebk&AN=2648161&site=eds-live&ebv=EB&ppid=pp_C | 02/08/2021 | E-Book |